|
|
|
|
| LEADER |
00000nam a2200000 a 4500 |
| 001 |
UCO6486 |
| 003 |
CL-VaPUC |
| 008 |
001020e19980000CL |||||||||||||||||spa|d |
| 082 |
0 |
4 |
|a 658.403
|b BRA
|2 21
|
| 100 |
0 |
|
|a Bravo Carrasco, Juan
|e author
|9 451120
|
| 245 |
1 |
0 |
|a Análisis de sistemas
|
| 300 |
|
|
|a 415 p
|
| 942 |
|
|
|c BK
|
| 945 |
|
|
|d 20001020 00:00:00
|a cmena
|
| 260 |
|
|
|a Santiago
|b Evolución
|c 1998
|
| 650 |
|
0 |
|a Gestión de la información
|9 362327
|
| 650 |
|
0 |
|a Administración del personal
|9 260442
|
| 650 |
|
0 |
|a Toma de decisiones
|9 257530
|
| 650 |
|
0 |
|a Análisis estructural
|9 260661
|
| 650 |
|
0 |
|a Gestión de la producción
|9 259467
|
| 650 |
|
0 |
|a Sistemas de información
|9 260286
|
| 650 |
|
0 |
|a Proceso de datos
|9 259776
|
| 583 |
|
|
|a last modification
|c 20001020 00:00:00
|k Rodrigo Vera
|
| 999 |
|
|
|c 291979
|d 291977
|
| 952 |
|
|
|0 0
|1 0
|4 0
|6 658_403000000000000_BRA_1998
|7 0
|8 A
|9 342364
|a BIBING
|b BIBING
|d 2019-11-20
|i 3660222
|o 658.403 BRA 1998
|p 3660222
|r 2025-01-20
|w 2019-11-20
|y BK
|k EII
|
| 952 |
|
|
|0 0
|1 0
|4 0
|6 658_403000000000000_BRA_1998
|7 0
|8 A
|9 342365
|a BIBING
|b BIBING
|d 2019-11-20
|i 3686434
|o 658.403 BRA 1998
|p 3686434
|r 2025-01-20
|w 2019-11-20
|y BK
|k EII
|
| 952 |
|
|
|0 0
|1 0
|4 0
|6 658_403000000000000_BRA_1998
|7 0
|8 A
|9 342366
|a BIBING
|b BIBING
|d 2019-11-20
|i 451498K
|o 658.403 BRA 1998
|p 451498K
|r 2025-01-20
|w 2019-11-20
|y BK
|k EII
|